000 00865nam a2200217 a 4500
001 000037250
005 20200930080235.0
008 120321s2010 ve 000 0 spa d
020 _a9789807053082
040 _aDO-SdBNP
_bspa
_cBNPHU
082 _axxx
_bI681ó
100 1 _aIribarren, Mariana
_963664
245 1 0 _aOficio de Alarife :
_bartesanos de la construcción en la provincia de Caracas /
_cMariana Iribarren.
260 _aCaracas : República Bolivariana de Venezuela :
_bArchivo General de la Nación,
_bCentro Nacional de Historia,
_c2010.
300 _a108 p. ;
_c21 cm.
490 1 _aBicentenario
_v2
500 _aIncluye referencias bibliográficas y notas al pie de las páginas
500 _aIncluye datos biográficos de la autora en la solapa de la contracubierta.
504 _aBibliografía: p. 101-108
830 0 _aBicentenario
_n2
_963665
999 _c36740
_d36740